| 000 | 00577nam a2200205Ia 4500 | ||
|---|---|---|---|
| 003 | IIN | ||
| 005 | 20250430132335.0 | ||
| 008 | 250430s2022 xx ad 001 0 eng d | ||
| 020 |
_cRs.455.00 _a9781543345674 |
||
| 040 |
_aIIN _bEnglish |
||
| 082 |
_a610.73 _bKAU |
||
| 100 | 1 | _aKaur, Lakhwinder | |
| 245 | 2 |
_aA Textbook of Nursing Foundation - I _bfor BSc. Nursing/ _cLakhwinder Kaur & Maninder Kaur |
|
| 260 |
_aJalandhar _bPV _c2022 |
||
| 300 |
_a365 p. _bill. |
||
| 500 | _aIncludes Index | ||
| 650 | 1 |
_aFoundation _vNursing |
|
| 700 | 1 | _aKaur, Maninder | |
| 942 | _cBOOK | ||
| 999 |
_c1786 _d1786 |
||